000 01018nam a2200265 a 4500
001 BRCA_2329
005 20190320203749.0
008 031107s2004 coua---##b---#001-0#eng-#
020 _a0914738496
040 _aDLC
_cDLC
_dDLC
050 4 _aND253
_b.P54 2004
100 1 _aPierce, Donna
_d1950-
_91488
245 1 0 _aPainting a New World
_bMexican Art and Life : 1521-1821
_cDonna Pierce, Rogelio Ruiz Gomar, Clara Bargellini ; with an introduction by Jonathan Brown.
260 _aDenver
_bDenver Art Museum
_c2004
300 _a327 p.
_bil. (algunas a color), mapas
_c31 cm.
500 _aCatálogo de la exposición realizada en el Denver Art Museum, 3 abril - 25 julio, 2004
500 _aIncluye índice de ilustraciones
504 _aBibliografía : p. 306-319
650 1 4 _aPintura mexicana
_vExposiciones
_93668
650 1 4 _aPintura colonial
_vExposiciones
_zMéxico
_97003
700 1 _aRuiz Gomar, Rogelio
_93907
700 1 _aBargellini, Clara
_92612
700 1 _aBrown, Jonathan
_92543
942 _2lcc
_cB
999 _c2074
_d2074